| 000 | 03981cgm a2200721Ii 4500 | ||
|---|---|---|---|
| 001 | 1049175979 | ||
| 003 | OCoLC | ||
| 005 | 20251208113959.0 | ||
| 007 | vd cvaizq | ||
| 008 | 180822p20182017cau548 vleng d | ||
| 024 | 1 | _a883929608324 | |
| 028 | 4 | 2 |
_a1000692896 _bWarner Bros. |
| 028 | 4 | 2 |
_a3000079441 _bWarner Bros. |
| 028 | 4 | 2 |
_a2000143527-2000143529 _bWarner Bros. |
| 035 | _a(OCoLC)1049175979 | ||
| 040 |
_aTEFMT _beng _erda _cTEFMT _dOCLCO _dTEF _dOCLCF _dOCP _dGL4 _dIZ8 _dGPI _dCO2 |
||
| 041 | 1 |
_aeng _heng |
|
| 043 | _an-us-la | ||
| 049 | _aCO2A | ||
| 092 |
_eDVD _bORIGINALS |
||
| 245 | 0 | 4 |
_aThe originals. The fifth and final season _h[videorecording]. |
| 264 | 1 |
_aBurbank, CA : _bWarner Bros. Home Entertainment, _c[2018] |
|
| 264 | 4 |
_c© 2018, 2017. _aBurbank, CA : _bWarner Bros. Home Entertainment, |
|
| 300 |
_a3 videodiscs (548 min.) : _bsound, color ; _c4 3/4 in. |
||
| 336 | _atwo-dimensional moving image | ||
| 337 | _avideo | ||
| 338 | _avideodisc | ||
| 500 | _aOriginally aired on television in 2017. | ||
| 500 | _aWidescreen. | ||
| 500 | _aSpecial features: The Originals: come visit Georgia - 2 PSAs ; The Originals: Comic-Con panel San Diego 2017 ; unaired scenes ; gag reel. | ||
| 505 | 0 | _aDisc 1. Where you left your heart ; One wrong turn on Bourbon ; Ne me quitte pas ; Between the devil and the deep blue sea ; Don't it just break your heart -- disc 2. What, will, I, have, left ; God's gonna trouble the water ; The kindness of strangers ; We have not long to love -- disc 3. There in the disappearing light ; 'Til the day I die ; The tale of two wolves ; When the saints go marching in. | |
| 511 | 1 | _aJoseph Morgan, Daniel Gillies, Phoebe Tonkin, Charles Michael Davis, Leah Pipes, Danielle Campbell, Riley Voelkel, Yusuf Gatewood.. | |
| 520 | _aThe final season begins seven years after the core members of the Mikaelson family, Klaus, Elijah, Rebekah and Kol, each absorb a quarter of the Hollow's dark energy and flee New Orleans to keep their beloved city and young Hope safe. As the Mickaelsons return to New Orleans, bringing the pieces of a century's old evil with them, it becomes clear that the closing chapter of this family saga will be as bloody and emotional as ever. | ||
| 521 | 8 | _aNot rated. | |
| 538 | _aDVD, region 1; Dolby Digital 5.1 surround. | ||
| 546 | _aEnglish dialogue; English or French subtitles; subtitled for the deaf and hard of hearing (SDH). | ||
| 650 | 0 |
_aVampires _zLouisiana _zNew Orleans _vDrama. _96380783 |
|
| 650 | 0 |
_aWerewolves _zLouisiana _zNew Orleans _vDrama. _96380784 |
|
| 650 | 0 |
_aFamilies _zLouisiana _zNew Orleans _vDrama. _96380833 |
|
| 651 | 0 |
_aNew Orleans (La.) _vDrama. _95746282 |
|
| 651 | 0 |
_aVieux Carré (New Orleans, La.) _vDrama. _96380858 |
|
| 655 | 7 |
_aTelevision series. _2lcgft. _96380859 |
|
| 655 | 7 |
_aHorror television programs. _2lcgft. _96380860 |
|
| 655 | 7 |
_aFantasy television programs. _2lcgft. _9102697 |
|
| 655 | 7 |
_aVampire television programs. _2lcgft. _95698784 |
|
| 655 | 7 |
_aWerewolf television programs. _2lcgft. _95741552 |
|
| 655 | 7 |
_aAction and adventure television programs. _2lcgft. _95676921 |
|
| 655 | 7 |
_aRomance television programs. _2lcgft. _95715108 |
|
| 655 | 7 |
_aFiction television programs. _2lcgft. _95673656 |
|
| 655 | 7 |
_aVideo recordings for the hearing impaired. _2lcgft. _96380861 |
|
| 690 | _aDVD. | ||
| 690 | _aFrench language materials. | ||
| 700 | 1 |
_aMorgan, Joseph, _d1981- _eactor. _96380787 |
|
| 700 | 1 |
_aGillies, Daniel, _d1976- _eactor. _971602 |
|
| 700 | 1 |
_aTonkin, Phoebe, _d1989- _eactor. _96380854 |
|
| 700 | 1 |
_aDavis, Charles Michael, _d1984- _eactor. _96380845 |
|
| 700 | 1 |
_aGateqood, Yusuf, _d1982- _eactor. _96380855 |
|
| 700 | 1 |
_aVoelkel, Riley, _d1990- _eactor. _96380856 |
|
| 710 | 2 |
_aWarner Bros. Home Entertainment (Firm), _epublisher. _95768895 |
|
| 730 | 0 |
_aOriginals (Television program) _96380811 |
|
| 907 | _a.b400167980 | ||
| 942 |
_2ddc _cDVD |
||
| 999 |
_c354790 _d354790 |
||